000 00701nam a22002055i 4500
001 48385
003 ES-MaACL
005 20250917063035.0
007 t|
008 950713s18801900fr a ||||1| fre d
040 _aCAM
_bspa
_cCAM
100 1 _aDaudet, Alphonse,
_d1840-1897
_942799
245 1 0 _aTrente ans de Paris a travers ma vie et mes livres /
_cAlphonse Daudet; illustré par Bieler... [et al.].
260 _aParis :
_bErnest Flammarion,
_c[18--?] (
_fHemmerlé et C.])
300 _a[8], 344 p. :
_bil. ;
_c18 cm.
490 1 _aCollection artistique Guillaume
830 0 _aCollection artistique Guillaume
_9230065
852 _aES-MaACL
_jG-14454
999 _c48385
_d48385